| 000 | 00695nam a2200253Ia 4500 | ||
|---|---|---|---|
| 001 | Para_7333 | ||
| 003 | CHAP | ||
| 008 | 220125s9999 xx 000 0 und d | ||
| 010 | _a206221 | ||
| 040 | _cCHAP | ||
| 090 | _aPA R-87 | ||
| 100 |
_aCheng, Ping-Yao _9172454 |
||
| 245 |
_aThe inactivation of group barthorapodborne animal viruses by proteases / _c Ping-Yao Cheng |
||
| 500 | _aSobretiro de: Virology 6(1): 129-136, 1958 | ||
| 650 |
_aPatologĂa veterinaria _986194 |
||
| 650 |
_aVirus _9119936 |
||
| 901 | _aPA R-87 | ||
| 902 | _aA | ||
| 905 | _a000000 0000000000 00 | ||
| 910 | _a | ||
| 942 | _cPARA | ||
| 942 |
_cPARA _d1 |
||
| 999 |
_c206221 _d206221 |
||